000 00305nam a22001217a 4500
008 160426b xxu||||| |||| 00| 0 eng d
020 _a9780132149648
020 _a0132149648
041 _aeng
080 _a618.2
245 _aSkills in clinical nursing:
_cAudrey Berman; Shirlee Snyder;
942 _2udc
_cBK
999 _c1604
_d1604